Catálogo

TESTIMONIOS DE UN JESUITA POBLANO EN EL AMARGO CAMINO DEL DESTIERRO ANTONIO LOPEZ DE PRIEGO (1730-1802) (Registro nro. 58154)

Detalles MARC
000 -LEADER
fixed length control field 01259nam a2200205 a 4500
001 - CONTROL NUMBER
control field 58154
005 - DATE AND TIME OF LATEST TRANSACTION
control field 20180714054638.0
008 - FIXED-LENGTH DATA ELEMENTS--GENERAL INFORMATION
fixed length control field 140415s2012 mx 000 0 spa d
020 ## - INTERNATIONAL STANDARD BOOK NUMBER
International Standard Book Number 9786078022557
041 ## - LANGUAGE CODE
Language code of text/sound track or separate title spa
082 ## - DEWEY DECIMAL CLASSIFICATION NUMBER
Classification number 255.5307248
Item number AGU
100 1# - MAIN ENTRY--PERSONAL NAME
Personal name AGUILAR GUZMAN, MARIA DEL CARMEN
245 10 - TITLE STATEMENT
Title TESTIMONIOS DE UN JESUITA POBLANO EN EL AMARGO CAMINO DEL DESTIERRO ANTONIO LOPEZ DE PRIEGO (1730-1802)
250 ## - EDITION STATEMENT
Edition statement 1a ed.
260 ## - PUBLICATION, DISTRIBUTION, ETC.
Place of publication, distribution, etc. MEXICO :
Name of publisher, distributor, etc. BENEMERITA UNIVERSIDAD AUTONOMA DE PUEBLA,
Date of publication, distribution, etc. 2012
300 ## - PHYSICAL DESCRIPTION
Extent 514
Dimensions 14.6 x 2.6 x 22.1
500 ## - GENERAL NOTE
General note MARIA DEL CARMEN AGUILAR GUZMAN REALIZA EL ESTUDIO INTRODUCT
520 ## - SUMMARY, ETC.
Summary, etc. AL MOMENTO DE LA EXPATRICION EN 1767, LA PROVINCIA MEXICANA DE LOS JESUITAS, QUE INCLUIA GUATEMALA Y CUBA, TENIA 678 MIEMBROS, ENTRE SACERDOTES Y HERMANOS, REPARTIDOS EN UNOS CUARENTA COLEGIOS Y CASA Y EM 114 MISIONES ORGANIZADAS EN SEIS RECTORADOS. DE ELLOS, AL REDEDOR DE 460 ERAN RIOLLOS. SU EXPULSION OCASIONO FERTES REACCIONES EN TODO EL TERRITORIO NOVOHISPANO. EN EL OBISPADO DE MICHOACAN ESTALLARONMOTINES POPULARES, ALIMENTOS POR LA CRISIS ECONOMICA Y POR LAS LEVAS FORZADAS QUE LA
650 14 - SUBJECT ADDED ENTRY--TOPICAL TERM
Topical term or geographic name entry element JESUITAS
General subdivision PUEBLA
-- HISTORIA
-- LOPEZ DE PRIEGO, ANTONIO, 1730
-- 1802
-- JESUITAS EN MEXICO
-- JESUITAS
Existencias
Withdrawn status Lost status Source of classification or shelving scheme Damaged status Not for loan Collection code Home library Current library Shelving location Date acquired Source of acquisition Inventory number Total Checkouts Full call number Barcode Date last seen Price effective from Koha item type Date last checked out
    Dewey Decimal Classification   Consulta en sala Puebla Biblioteca Karol Wojtyla Biblioteca Karol Wojtyla Área de silencio 03/12/2013 Compra 151000000000000000061855   255.5307248 AGU 2012 87695 05/01/2026 22/08/2014 Libro  
    Dewey Decimal Classification     General Biblioteca Karol Wojtyla Biblioteca Karol Wojtyla Sala general 03/12/2013 Compra 151000000000000000056652   255.5307248 AGU 2012 87696 05/01/2026 25/08/2014 Libro 30/11/2016